000
00315nam a22001457a 4500
008
210310b ||||| |||| 00| 0 eng d
020
_a
9780340807941
041
_a
eng
080
_a
61
082
_a
61
100
_a
4
101
_a
SHM
245
_a
Textbook of Pleural Diseases
_c
Light,R.W
942
_2
udc
_c
BK
999
_c
56197
_d
56197